El carreterito soñador / (Registro nro. 7273)
[ vista simple ]
| 000 -LEADER | |
|---|---|
| fixed length control field | 00568nam a2200217 a 4500 |
| 001 - CONTROL NUMBER | |
| control field | 000003305 |
| 003 - CONTROL NUMBER IDENTIFIER | |
| control field | DO-SdBNP |
| 005 - DATE AND TIME OF LATEST TRANSACTION | |
| control field | 20160920144649.0 |
| 007 - PHYSICAL DESCRIPTION FIXED FIELD--GENERAL INFORMATION | |
| fixed length control field | 000003305 |
| 008 - FIXED-LENGTH DATA ELEMENTS--GENERAL INFORMATION | |
| fixed length control field | 090707s2009 dr af 000 0 spa d |
| 020 ## - INTERNATIONAL STANDARD BOOK NUMBER | |
| International Standard Book Number | 9789945140309 |
| 040 ## - CATALOGING SOURCE | |
| Original cataloging agency | BPMET |
| Language of cataloging | spa |
| Transcribing agency | BPMET |
| 100 1# - MAIN ENTRY--PERSONAL NAME | |
| Personal name | Phipps, Miguel |
| 245 13 - TITLE STATEMENT | |
| Title | El carreterito soñador / |
| Statement of responsibility, etc. | Miguel Phipps. |
| 260 ## - PUBLICATION, DISTRIBUTION, ETC. (IMPRINT) | |
| Place of publication, distribution, etc. | Santo Domingo : |
| Name of publisher, distributor, etc. | Corripio, |
| Date of publication, distribution, etc. | 2009. |
| 300 ## - PHYSICAL DESCRIPTION | |
| Extent | [20] p. : |
| Other physical details | il. ; |
| Dimensions | 29 cm. |
| 490 1# - SERIES STATEMENT | |
| Series statement | Infantil |
| 830 #0 - SERIES ADDED ENTRY--UNIFORM TITLE | |
| Uniform title | Infantil |
| 942 ## - ADDED ENTRY ELEMENTS (KOHA) | |
| Source of classification or shelving scheme | Dewey Decimal Classification |
| Koha item type | Libros |
| 956 ## - LOCAL ELECTRONIC LOCATION AND ACCESS (OCLC) | |
| Host name | VMATEO |
| Access number | 10 |
| Compression information | 20140627 |
| Logon | BPMSU |
| Processor of request | 0069 |
| Withdrawn status | Lost status | Source of classification or shelving scheme | Damaged status | Not for loan | Collection code | Home library | Current library | Date acquired | Total Checkouts | Barcode | Date last seen | Copy number | Price effective from | Koha item type |
|---|---|---|---|---|---|---|---|---|---|---|---|---|---|---|
| Dewey Decimal Classification | Biblioteca Pública Metropolitana Salomé Ureña | Biblioteca Pública Metropolitana Salomé Ureña | 01/28/2015 | BPMET15040884 | 01/28/2015 | 1 ej. | 01/28/2015 | Libros |